[Event "Kingston Invitational 3rd"]
[Site "Kingston upon Thames"]
[Date "2024.08.15"]
[Round "7.17"]
[White "Pal, Rohan"]
[Black "Seymour, Timothy P"]
[Result "1-0"]
[WhiteElo "2046"]
[BlackElo "2124"]
[PlyCount "129"]
[EventDate "2024.08.12"]
[EventType "swiss"]
[EventRounds "9"]
[EventCountry "ENG"]
[SourceTitle "BritBase"]
[Source "John Saunders"]
[SourceDate "2024.08.18"]
[SourceVersion "1"]
[SourceVersionDate "2024.08.18"]
[SourceQuality "1"]

1. e4 e5 2. Nc3 Nf6 3. g3 Bc5 4. Bg2 c6 5. d3 d5 6. Qe2 O-O 7. Bg5 Qb6 8. O-O-O Qa5 9. Bxf6 gxf6 10. exd5 Bb4 11. Ne4 Qxa2 12. c3 Qa1+ 13. Kc2 Qa4+ 14. Kb1 cxd5 15. Nxf6+ Kg7 16. Nh5+ Kg8 17. cxb4 Nc6 18. Nf6+ Kg7 19. Nxd5 Be6 20. Nc3 Qxb4 21. Bxc6 bxc6 22. Qxe5+ Kg8 23. Ne4 Rfb8 24. Qg5+ Kh8 25. Qe5+ Kg8 26. Ne2 Rb5 27. Qc3 Qa4 28. Nc1 Rab8 29. Rd2 Ra5 30. Nf6+ Kf8 31. Nd7+ Bxd7 32. Qh8+ Ke7 33. Qxb8 Qa1+ 34. Kc2 Rc5+ 35. Kd1 Bg4+ 36. Re2+ Bxe2+ 37. Kxe2 Rc2+ 38. Kf3 Rxc1 39. Qe5+ Kf8 40. Qd6+ Ke8 41. Qxc6+ Rxc6 42. Rxa1 a6 43. Ke3 Rb6 44. b4 Ke7 45. Kd2 Rf6 46. f4 Rh6 47. Re1+ Kd7 48. Re2 Rc6 49. Re5 Rh6 50. h4 Rb6 51. Kc3 h6 52. h5 Rc6+ 53. Rc5 Re6 54. Rd5+ Kc7 55. Rf5 f6 56. g4 Kd7 57. g5 fxg5 58. fxg5 hxg5 59. Rxg5 Rh6 60. d4 Kc7 61. Kc4 Kd7 62. d5 Kc7 63. Kc5 Kd7 64. d6 Rh7 65. Re5 1-0

[Event "Kingston Invitational 3rd"]
[Site "Kingston upon Thames"]
[Date "2024.08.15"]
[Round "7.18"]
[White "Hasson, Peter"]
[Black "Skettos, Nicolas"]
[Result "1/2-1/2"]
[WhiteElo "1984"]
[BlackElo "1985"]
[PlyCount "38"]
[EventDate "2024.08.12"]
[EventType "swiss"]
[EventRounds "9"]
[EventCountry "ENG"]
[SourceTitle "BritBase"]
[Source "John Saunders"]
[SourceDate "2024.08.18"]
[SourceVersion "1"]
[SourceVersionDate "2024.08.18"]
[SourceQuality "1"]

1. c4 e5 2. g3 Nc6 3. Bg2 Bc5 4. Nc3 a6 5. e3 d6 6. Nf3 Ba7 7. d4 exd4 8. exd4 Nge7 9. Be3 Nf5 10. O-O O-O 11. Qd2 h6 12. Rad1 Nxe3 13. fxe3 Bg4 14. Rde1 Qd7 15. Nd5 Rae8 16. Kh1 Nd8 17. Nf4 Bf5 18. Nd3 c6 19. Qc3 Bh3 1/2-1/2

[Event "Kingston Invitational 3rd"]
[Site "Kingston upon Thames"]
[Date "2024.08.15"]
[Round "7.19"]
[White "Clarke, Connor"]
[Black "Payne, Matthew J"]
[Result "1/2-1/2"]
[WhiteElo "2048"]
[BlackElo "2080"]
[PlyCount "86"]
[EventDate "2024.08.12"]
[EventType "swiss"]
[EventRounds "9"]
[EventCountry "ENG"]
[SourceTitle "BritBase"]
[Source "John Saunders"]
[SourceDate "2024.08.18"]
[SourceVersion "1"]
[SourceVersionDate "2024.08.18"]
[SourceQuality "1"]

1. d4 Nf6 2. Nc3 d5 3. Bf4 g6 4. e3 Bg7 5. h4 h5 6. Nf3 O-O 7. Ne5 c5 8. Qd2 cxd4 9. exd4 Nc6 10. f3 Bf5 11. Bb5 Nxe5 12. dxe5 Nd7 13. O-O-O Nxe5 14. Rhe1 Nc6 15. Bh6 Qb6 16. Bxg7 Kxg7 17. Bxc6 bxc6 18. g4 Rab8 19. Na4 Qb4 20. gxf5 Qxa4 21. Qc3+ Kg8 22. fxg6 fxg6 23. Rxe7 Qf4+ 24. Kb1 Qf6 25. Qxf6 Rxf6 26. Rxa7 Rb4 27. a4 Rxf3 28. Re1 Rf7 29. Ra6 Rxh4 30. Rxc6 Rxa4 31. Rxg6+ Kh7 32. Rg5 Rfa7 33. Kc1 Rd4 34. c3 Ra1+ 35. Kc2 Rxe1 36. cxd4 Kh6 37. Rxd5 h4 38. Rf5 Kg6 39. Rf8 Re7 40. Kd3 h3 41. Rf1 Rb7 42. Rb1 h2 43. Kc3 Rc7+ 1/2-1/2

[Event "Kingston Invitational 3rd"]
[Site "Kingston upon Thames"]
[Date "2024.08.15"]
[Round "7.20"]
[White "Zhao, George"]
[Black "Bharat Kumar, Balahari"]
[Result "1-0"]
[WhiteElo "2014"]
[BlackElo "2031"]
[PlyCount "105"]
[EventDate "2024.08.12"]
[EventType "swiss"]
[EventRounds "9"]
[EventCountry "ENG"]
[SourceTitle "BritBase"]
[Source "John Saunders"]
[SourceDate "2024.08.18"]
[SourceVersion "1"]
[SourceVersionDate "2024.08.18"]
[SourceQuality "1"]

1. d4 d5 2. Nf3 Nf6 3. g3 a6 4. Bg2 b5 5. O-O Bb7 6. Ne5 e6 7. c4 bxc4 8. Nxc4 c5 9. Ncd2 Nbd7 10. dxc5 Bxc5 11. Nb3 Be7 12. Bd2 O-O 13. Ba5 Qb8 14. N1d2 Qa7 15. e3 Rac8 16. Qe2 e5 17. Nf3 Bd6 18. Rfc1 Ne4 19. Nfd2 f5 20. Rxc8 Bxc8 21. Nxe4 fxe4 22. Rc1 Nf6 23. h3 Bd7 24. Qd2 Bb5 25. g4 Qf7 26. Rc2 h6 27. Bb4 Bxb4 28. Qxb4 Bd3 29. Rd2 Nh7 30. Qd6 Ng5 31. Qxe5 Nf3+ 32. Bxf3 Qxf3 33. Qh2 h5 34. Nd4 Qf6 35. f4 hxg4 36. hxg4 Rc8 37. Qh5 Rc1+ 38. Kg2 Qd8 39. Ne6 Qd7 40. Ng5 Rc2 41. Qh7+ Kf8 42. Qh8+ Ke7 43. Qxg7+ Kd8 44. Qf8+ Kc7 45. Rxc2+ Bxc2 46. f5 Qb5 47. Ne6+ Kb7 48. Qe7+ Kb8 49. Qd6+ Ka7 50. Qc7+ Ka8 51. Qxc2 Qd3 52. Qxd3 exd3 53. Kf2 1-0

[Event "Kingston Invitational 3rd"]
[Site "Kingston upon Thames"]
[Date "2024.08.16"]
[Round "8.1"]
[White "Badacsonyi, Stanley"]
[Black "Larkin, Vladyslav"]
[Result "1/2-1/2"]
[WhiteElo "2179"]
[BlackElo "2471"]
[PlyCount "68"]
[EventDate "2024.08.12"]
[EventType "swiss"]
[EventRounds "9"]
[EventCountry "ENG"]
[SourceTitle "BritBase"]
[Source "John Saunders"]
[SourceDate "2024.08.18"]
[SourceVersion "1"]
[SourceVersionDate "2024.08.18"]
[SourceQuality "1"]

1. d4 d6 2. e4 Nf6 3. Nc3 c6 4. f4 Qa5 5. e5 Ne4 6. Qf3 Nxc3 7. Bd2 Bf5 8. Bxc3 Qd5 9. Qxd5 cxd5 10. O-O-O e6 11. Ne2 h5 12. Ng3 g6 13. Nxf5 gxf5 14. Bb4 Nc6 15. Ba3 dxe5 16. Bxf8 Kxf8 17. fxe5 Rc8 18. c3 h4 19. Rg1 Ke7 20. Be2 f6 21. exf6+ Kxf6 22. g4 hxg3 23. hxg3 Rh2 24. Kd2 Rg8 25. Ke3 Nd8 26. Rdf1 Nf7 27. g4 Rgh8 28. gxf5 exf5 29. Bf3 Ng5 30. Bg4 R8h3+ 31. Bxh3 Rxh3+ 32. Ke2 Rh2+ 33. Ke3 Rh3+ 34. Ke2 Rh2+ 1/2-1/2

[Event "Kingston Invitational 3rd"]
[Site "Kingston upon Thames"]
[Date "2024.08.16"]
[Round "8.2"]
[White "Murphy, Conor E"]
[Black "Bezuidenhout, Roland"]
[Result "0-1"]
[WhiteElo "2460"]
[BlackElo "2270"]
[PlyCount "90"]
[EventDate "2024.08.12"]
[EventType "swiss"]
[EventRounds "9"]
[EventCountry "ENG"]
[SourceTitle "BritBase"]
[Source "John Saunders"]
[SourceDate "2024.08.18"]
[SourceVersion "1"]
[SourceVersionDate "2024.08.18"]
[SourceQuality "1"]

1. e4 c5 2. Nf3 d6 3. d4 cxd4 4. Nxd4 Nf6 5. Nc3 Nc6 6. Bg5 e6 7. Qd2 a6 8. O-O-O Bd7 9. f3 Nxd4 10. Qxd4 Be7 11. Kb1 Qc7 12. h4 b5 13. Bd3 b4 14. Qxb4 Rb8 15. Qd4 Qb7 16. Ne2 O-O 17. Bc1 Rfc8 18. c3 a5 19. g4 a4 20. g5 e5 21. Qe3 Nh5 22. Ka1 Be6 23. Bc2 Rc6 24. Qd2 Rb6 25. Bd3 Bb3 26. a3 d5 27. exd5 Bxd1 28. Rxd1 Bxa3 29. b4 Bxc1 30. Rxc1 Rd8 31. Be4 g6 32. Qd3 a3 33. Ka2 f5 34. gxf6 Nxf6 35. Rd1 Rbd6 36. c4 Qxb4 37. Rb1 Qc5 38. Rb5 Qf2 39. Qc2 Kf8 40. c5 Rxd5 41. Bxd5 Nxd5 42. Kxa3 Nf4 43. c6 Nxe2 44. c7 Ra8+ 45. Kb2 Qd4+ 0-1

[Event "Kingston Invitational 3rd"]
[Site "Kingston upon Thames"]
[Date "2024.08.16"]
[Round "8.3"]
[White "Czopor, Maciej"]
[Black "Hobson, Kenneth"]
[Result "1-0"]
[WhiteElo "2364"]
[BlackElo "2266"]
[PlyCount "69"]
[EventDate "2024.08.12"]
[EventType "swiss"]
[EventRounds "9"]
[EventCountry "ENG"]
[SourceTitle "BritBase"]
[Source "John Saunders"]
[SourceDate "2024.08.18"]
[SourceVersion "1"]
[SourceVersionDate "2024.08.18"]
[SourceQuality "1"]

1. c4 e5 2. Nc3 Bb4 3. Nd5 Be7 4. b3 d6 5. Bb2 Nf6 6. Nxe7 Qxe7 7. e3 O-O 8. Rc1 Nc6 9. d3 Bf5 10. Be2 Rad8 11. e4 Be6 12. Nf3 Nd7 13. O-O f5 14. exf5 Bxf5 15. d4 e4 16. Ne1 Nf6 17. Nc2 Kh8 18. b4 Qd7 19. d5 Ne7 20. Ne3 Ng6 21. g4 Nxg4 22. Bxg4 Bxg4 23. Qxg4 Qxg4+ 24. Nxg4 h5 25. Ne3 Nh4 26. Kh1 Nf3 27. c5 Rf4 28. Ng2 Rf5 29. cxd6 Rxd6 30. Ne1 Ng5 31. Rxc7 Rg6 32. Rg1 Rxf2 33. Bd4 Re2 34. h4 Nf3 35. Nxf3 1-0

[Event "Kingston Invitational 3rd"]
[Site "Kingston upon Thames"]
[Date "2024.08.16"]
[Round "8.4"]
[White "Wall, Gavin"]
[Black "Josse, Mark"]
[Result "1-0"]
[WhiteElo "2258"]
[BlackElo "2141"]
[PlyCount "91"]
[EventDate "2024.08.12"]
[EventType "swiss"]
[EventRounds "9"]
[EventCountry "ENG"]
[SourceTitle "BritBase"]
[Source "John Saunders"]
[SourceDate "2024.08.18"]
[SourceVersion "1"]
[SourceVersionDate "2024.08.18"]
[SourceQuality "1"]

1. e4 c5 2. Nf3 e6 3. b3 a6 4. g3 d5 5. exd5 exd5 6. Bg2 Qe7+ 7. Qe2 Qxe2+ 8. Kxe2 Nc6 9. Re1 Be7 10. Bb2 Nf6 11. Ne5 Nxe5 12. Bxe5 O-O 13. Kf1 Bf5 14. d3 Rad8 15. Nd2 Rfe8 16. Nf3 Kf8 17. Re2 h6 18. Rae1 b5 19. h3 b4 20. g4 Bc8 21. Bc7 Rd7 22. Bb6 Bd6 23. Rxe8+ Nxe8 24. d4 cxd4 25. Nxd4 Rb7 26. Bd8 Rd7 27. Bh4 Nc7 28. Bg3 Bxg3 29. fxg3 Bb7 30. Re5 Rd6 31. Ke2 Ne6 32. Nf5 Rc6 33. Kd2 Rc5 34. h4 a5 35. Bf1 Bc6 36. Bd3 Bb7 37. Re1 Bc6 38. a3 g6 39. axb4 axb4 40. Nxh6 Nd4 41. Rf1 Be8 42. Bxg6 Rc3 43. Bd3 Nxb3+ 44. cxb3 Rxb3 45. Rf3 d4 46. Nxf7 1-0

[Event "Kingston Invitational 3rd"]
[Site "Kingston upon Thames"]
[Date "2024.08.16"]
[Round "8.5"]
[White "Liu, Jack"]
[Black "Banerjee, Supratit"]
[Result "1/2-1/2"]
[WhiteElo "2081"]
[BlackElo "2156"]
[PlyCount "81"]
[EventDate "2024.08.12"]
[EventType "swiss"]
[EventRounds "9"]
[EventCountry "ENG"]
[SourceTitle "BritBase"]
[Source "John Saunders"]
[SourceDate "2024.08.18"]
[SourceVersion "1"]
[SourceVersionDate "2024.08.18"]
[SourceQuality "1"]

1. e4 c6 2. d4 d5 3. e5 Bf5 4. Nc3 e6 5. g4 Bg6 6. Nge2 c5 7. h4 h5 8. Nf4 Bh7 9. Nxh5 Nc6 10. dxc5 Qa5 11. a3 O-O-O 12. Bg5 Be7 13. Bxe7 Ngxe7 14. b4 Qc7 15. f4 a6 16. b5 d4 17. Na2 axb5 18. Qd2 d3 19. Bxd3 Bxd3 20. cxd3 Nd4 21. O-O Nb3 22. Qe3 Nd5 23. Qf2 Nxa1 24. Rxa1 g6 25. Nf6 Nxf6 26. exf6 Rxd3 27. Nb4 Rh3 28. h5 gxh5 29. g5 Rd8 30. c6 Kb8 31. a4 Qa5 32. Qc5 Rb3 33. Qe5+ Qc7 34. Qxb5 Rxb4 35. Qxb4 Qxc6 36. Qb5 Qc2 37. Qe5+ Kc8 38. Qe1 Qc5+ 39. Kh2 Qc2+ 40. Kg1 Qc5+ 41. Kh2 1/2-1/2

[Event "Kingston Invitational 3rd"]
[Site "Kingston upon Thames"]
[Date "2024.08.16"]
[Round "8.6"]
[White "Large, Peter G"]
[Black "Healey, Michael W"]
[Result "1-0"]
[WhiteElo "2336"]
[BlackElo "2130"]
[PlyCount "109"]
[EventDate "2024.08.12"]
[EventType "swiss"]
[EventRounds "9"]
[EventCountry "ENG"]
[SourceTitle "BritBase"]
[Source "John Saunders"]
[SourceDate "2024.08.18"]
[SourceVersion "1"]
[SourceVersionDate "2024.08.18"]
[SourceQuality "1"]

1. e4 c5 2. Nc3 e6 3. Nf3 Nc6 4. Bb5 Nge7 5. d4 cxd4 6. Nxd4 a6 7. Be2 b5 8. Bf4 Nxd4 9. Qxd4 Ng6 10. Bg3 Qg5 11. h4 Qc5 12. Qxc5 Bxc5 13. h5 Ne7 14. O-O-O h6 15. a4 b4 16. Nb1 Bb7 17. Nd2 Rc8 18. Bd3 d5 19. exd5 Nxd5 20. Ne4 Be7 21. Nd6+ Bxd6 22. Bxd6 Rc6 23. Bg3 O-O 24. Rh4 Rfc8 25. Kb1 a5 26. Rd4 Ba6 27. Be4 Bc4 28. Bf3 b3 29. c3 Kf8 30. Re1 Re8 31. Rxc4 Rxc4 32. Bxd5 Rg4 33. Bxb3 Rg5 34. Re5 Rc8 35. Rxg5 hxg5 36. Be5 Rc6 37. Bc2 f6 38. Bd4 Ke7 39. Bd3 g4 40. b4 e5 41. Bc5+ Ke6 42. Kb2 f5 43. Bb5 Rc8 44. Bb6 axb4 45. cxb4 f4 46. a5 Rb8 47. a6 Rxb6 48. a7 Rxb5 49. a8=Q Rxb4+ 50. Kc3 Rb6 51. Qe8+ Kf5 52. Qf7+ Ke4 53. Qxg7 Rc6+ 54. Kb4 f3 55. Qxg4+ 1-0

[Event "Kingston Invitational 3rd"]
[Site "Kingston upon Thames"]
[Date "2024.08.16"]
[Round "8.7"]
[White "Eames, Robert S"]
[Black "Dignam, Matthew P"]
[Result "1/2-1/2"]
[WhiteElo "2145"]
[BlackElo "2118"]
[PlyCount "62"]
[EventDate "2024.08.12"]
[EventType "swiss"]
[EventRounds "9"]
[EventCountry "ENG"]
[SourceTitle "BritBase"]
[Source "John Saunders"]
[SourceDate "2024.08.18"]
[SourceVersion "1"]
[SourceVersionDate "2024.08.18"]
[SourceQuality "1"]

1. e4 c6 2. d4 d5 3. f3 e6 4. Bd3 dxe4 5. fxe4 Qxd4 6. Nf3 Qb6 7. e5 Nd7 8. Qe2 Ne7 9. Nbd2 Ng6 10. Nc4 Qc7 11. Bxg6 hxg6 12. Bf4 b5 13. Ncd2 Bb7 14. O-O O-O-O 15. a4 f6 16. Bg3 Nxe5 17. Nxe5 fxe5 18. Ne4 Rh5 19. Kh1 Rf5 20. Rfe1 a6 21. c3 Be7 22. b4 Rh5 23. Qg4 c5 24. bxc5 Qc6 25. axb5 axb5 26. Qxg6 Rg5 27. Qh7 Rg4 28. Qh3 Rxe4 29. Rxe4 Qxe4 30. Qxe6+ Rd7 31. Qh3 Bxc5 1/2-1/2

[Event "Kingston Invitational 3rd"]
[Site "Kingston upon Thames"]
[Date "2024.08.16"]
[Round "8.8"]
[White "Browning, Alex"]
[Black "Frostick, Clive A"]
[Result "1/2-1/2"]
[WhiteElo "2267"]
[BlackElo "2161"]
[PlyCount "63"]
[EventDate "2024.08.12"]
[EventType "swiss"]
[EventRounds "9"]
[EventCountry "ENG"]
[SourceTitle "BritBase"]
[Source "John Saunders"]
[SourceDate "2024.08.18"]
[SourceVersion "1"]
[SourceVersionDate "2024.08.18"]
[SourceQuality "1"]

1. e4 c5 2. Nf3 Nc6 3. c3 Nf6 4. e5 Nd5 5. d4 cxd4 6. Bc4 Nb6 7. Bb3 d5 8. exd6 Qxd6 9. O-O Be6 10. Bxe6 Qxe6 11. Nxd4 Nxd4 12. Qxd4 Rd8 13. Qh4 Qe2 14. Bd2 h5 15. h3 Qc4 16. Qxc4 Nxc4 17. Bc1 g6 18. b3 Na5 19. Be3 Bg7 20. Rc1 O-O 21. Na3 Nc6 22. Rab1 Rd3 23. Nb5 a6 24. Nd4 Nxd4 25. cxd4 Bxd4 26. Bxd4 Rxd4 27. Rc7 Rd2 28. Rxb7 Rc8 29. Rxe7 Rcc2 30. Rf1 Rxa2 31. Re3 Rdb2 32. Rf3 1/2-1/2

[Event "Kingston Invitational 3rd"]
[Site "Kingston upon Thames"]
[Date "2024.08.16"]
[Round "8.9"]
[White "Gallagher, Daniel GH"]
[Black "Walker, Samuel A"]
[Result "1/2-1/2"]
[WhiteElo "2253"]
[BlackElo "2032"]
[PlyCount "43"]
[EventDate "2024.08.12"]
[EventType "swiss"]
[EventRounds "9"]
[EventCountry "ENG"]
[SourceTitle "BritBase"]
[Source "John Saunders"]
[SourceDate "2024.08.18"]
[SourceVersion "1"]
[SourceVersionDate "2024.08.18"]
[SourceQuality "1"]

1. e4 c5 2. Nf3 Nc6 3. Bc4 e6 4. O-O Nge7 5. d4 cxd4 6. Nxd4 d5 7. exd5 Nxd5 8. Re1 Be7 9. Nf5 exf5 10. Bxd5 O-O 11. c4 Bf6 12. Nc3 Be6 13. Be3 Rc8 14. Qa4 Bxc3 15. bxc3 Qc7 16. Rad1 f4 17. Bc5 Rfd8 18. Rxe6 fxe6 19. Bxe6+ Kh8 20. Bxc8 Rxc8 21. f3 Qe5 22. Bd4 1/2-1/2

[Event "Kingston Invitational 3rd"]
[Site "Kingston upon Thames"]
[Date "2024.08.16"]
[Round "8.11"]
[White "Gurner, Jem"]
[Black "Patel, Zain"]
[Result "0-1"]
[WhiteElo "2070"]
[BlackElo "2035"]
[PlyCount "62"]
[EventDate "2024.08.12"]
[EventType "swiss"]
[EventRounds "9"]
[EventCountry "ENG"]
[SourceTitle "BritBase"]
[Source "John Saunders"]
[SourceDate "2024.08.18"]
[SourceVersion "1"]
[SourceVersionDate "2024.08.18"]
[SourceQuality "1"]

1. d4 Nf6 2. c4 e6 3. Nf3 d5 4. Nc3 c5 5. cxd5 Nxd5 6. e4 Nxc3 7. bxc3 cxd4 8. cxd4 Bb4+ 9. Bd2 Bxd2+ 10. Qxd2 O-O 11. h4 b6 12. h5 Bb7 13. h6 g6 14. Bd3 Nc6 15. Qb2 Qf6 16. Kf1 Rfd8 17. Rd1 Rac8 18. e5 Qe7 19. Be4 Qb4 20. Qa1 Rd7 21. Rh4 Ne7 22. d5 Bxd5 23. Bxg6 Bc4+ 24. Kg1 Rxd1+ 25. Qxd1 Nxg6 26. Qd7 Qf8 27. Rg4 Be2 28. Rg3 Bxf3 29. gxf3 Kh8 30. Qd2 Qc5 31. Qd7 Qc7 0-1

[Event "Kingston Invitational 3rd"]
[Site "Kingston upon Thames"]
[Date "2024.08.16"]
[Round "8.12"]
[White "Dicen, Elis Denele"]
[Black "Andal, Edmond"]
[Result "1/2-1/2"]
[WhiteElo "2060"]
[BlackElo "1960"]
[PlyCount "101"]
[EventDate "2024.08.12"]
[EventType "swiss"]
[EventRounds "9"]
[EventCountry "ENG"]
[SourceTitle "BritBase"]
[Source "John Saunders"]
[SourceDate "2024.08.18"]
[SourceVersion "1"]
[SourceVersionDate "2024.08.18"]
[SourceQuality "1"]

1. e4 c6 2. d4 g6 3. Nf3 Bg7 4. Bd3 d6 5. a4 Bg4 6. c3 Nd7 7. Be3 Ngf6 8. Nbd2 Qc7 9. h3 Bxf3 10. Nxf3 O-O 11. O-O Rfe8 12. Qc2 Rad8 13. Rad1 Nf8 14. c4 c5 15. d5 e5 16. g3 Qe7 17. Kg2 Nh5 18. Be2 Qd7 19. Nh2 Nf6 20. Bg5 h6 21. Bxf6 Bxf6 22. Ng4 Bg7 23. Ne3 Nh7 24. h4 Nf6 25. b3 a5 26. Bf3 b6 27. Rg1 Kh8 28. Kf1 Qe7 29. Ke2 Rf8 30. g4 Ng8 31. g5 Kh7 32. Rg3 f6 33. gxh6 Bxh6 34. Rdg1 Bxe3 35. fxe3 Nh6 36. Rxg6 Rg8 37. h5 Rxg6 38. hxg6+ Kg7 39. Kd3 Qd7 40. Qg2 Rh8 41. Qg3 Qc8 42. Rf1 Qd7 43. Be2 Rf8 44. Rh1 Rh8 45. Bf3 Qc8 46. Rg1 Qd7 47. Bg2 Qg4 48. Qf2 Qd7 49. Bf3 Rf8 50. Qh4 Rh8 51. Qg3 1/2-1/2

[Event "Kingston Invitational 3rd"]
[Site "Kingston upon Thames"]
[Date "2024.08.16"]
[Round "8.13"]
[White "Verma, Shlok"]
[Black "Taylor, William J"]
[Result "1-0"]
[WhiteElo "2060"]
[BlackElo "1967"]
[PlyCount "65"]
[EventDate "2024.08.12"]
[EventType "swiss"]
[EventRounds "9"]
[EventCountry "ENG"]
[SourceTitle "BritBase"]
[Source "John Saunders"]
[SourceDate "2024.08.18"]
[SourceVersion "1"]
[SourceVersionDate "2024.08.18"]
[SourceQuality "1"]

1. d4 d5 2. c4 e6 3. Nc3 Nf6 4. cxd5 exd5 5. Bg5 c6 6. e3 h6 7. Bh4 Be7 8. Bd3 O-O 9. Nge2 Re8 10. O-O Nbd7 11. a4 Nh5 12. Bxe7 Qxe7 13. a5 Ndf6 14. Qc2 g6 15. Na4 a6 16. Nc5 Bg4 17. Nc3 Ng7 18. Ra3 Bf5 19. b4 Bxd3 20. Qxd3 Ne6 21. Raa1 Ng5 22. Rae1 Nge4 23. f3 Nxc3 24. Qxc3 Qc7 25. e4 dxe4 26. fxe4 Nd7 27. Nd3 Re7 28. Qc4 Rf8 29. Nf4 Kh7 30. Nd5 Ne5 31. Nf6+ Kg7 32. dxe5 Qxe5 33. Ng4 1-0

[Event "Kingston Invitational 3rd"]
[Site "Kingston upon Thames"]
[Date "2024.08.16"]
[Round "8.14"]
[White "Wilson, Ewan"]
[Black "Buckley, Graeme N"]
[Result "0-1"]
[WhiteElo "1983"]
[BlackElo "2293"]
[PlyCount "90"]
[EventDate "2024.08.12"]
[EventType "swiss"]
[EventRounds "9"]
[EventCountry "ENG"]
[SourceTitle "BritBase"]
[Source "John Saunders"]
[SourceDate "2024.08.18"]
[SourceVersion "1"]
[SourceVersionDate "2024.08.18"]
[SourceQuality "1"]

1. e4 c5 2. Nf3 Nc6 3. Bb5 g6 4. O-O Bg7 5. Re1 e5 6. Bxc6 dxc6 7. d3 Qe7 8. a3 Nf6 9. b4 O-O 10. bxc5 Qxc5 11. a4 Rd8 12. Ba3 Qa5 13. Nbd2 Qc7 14. Qb1 Nh5 15. Bb2 Nf4 16. Nc4 f6 17. a5 Be6 18. Ne3 c5 19. Ra3 Rd6 20. c4 Qd7 21. Nd5 Nxg2 22. Kxg2 Bh3+ 23. Kh1 Qg4 24. Nh4 Qxh4 25. Re3 Bd7 26. Rg3 f5 27. f3 Re8 28. Bc3 Bc6 29. Qg1 f4 30. Rg2 Qh5 31. Qxc5 Bf8 32. Qxd6 Bxd6 33. Nf6+ Kf7 34. Nxh5 Bxa3 35. Nxf4 exf4 36. Re2 Bf8 37. Kg2 Rc8 38. Rb2 g5 39. d4 Bg7 40. e5 Kg6 41. Bb4 Bd7 42. Bc5 Rc7 43. Rb4 Be6 44. a6 bxa6 45. Ra4 Kf5 0-1

[Event "Kingston Invitational 3rd"]
[Site "Kingston upon Thames"]
[Date "2024.08.16"]
[Round "8.15"]
[White "Zhao, George"]
[Black "Pal, Rohan"]
[Result "1-0"]
[WhiteElo "2014"]
[BlackElo "2046"]
[PlyCount "95"]
[EventDate "2024.08.12"]
[EventType "swiss"]
[EventRounds "9"]
[EventCountry "ENG"]
[SourceTitle "BritBase"]
[Source "John Saunders"]
[SourceDate "2024.08.18"]
[SourceVersion "1"]
[SourceVersionDate "2024.08.18"]
[SourceQuality "1"]

1. d4 Nf6 2. c4 e6 3. Nf3 d5 4. g3 Be7 5. Bg2 O-O 6. O-O c6 7. Nc3 Nbd7 8. Nd2 b5 9. cxb5 cxb5 10. Nxb5 Qb6 11. Nc3 Qxd4 12. Nb3 Qb6 13. e4 dxe4 14. Nxe4 Bb7 15. Be3 Qa6 16. Nxf6+ Nxf6 17. Bxb7 Qxb7 18. Qe2 Rac8 19. Rac1 Nd5 20. Bd4 Bf6 21. Nc5 Qe7 22. Bxf6 Nxf6 23. Nd3 Nd5 24. Rc2 Qb7 25. Rfc1 Rcd8 26. b4 Rd6 27. a3 Qa6 28. Ne5 Qb7 29. Nc4 Rd7 30. Na5 Qb6 31. Rc6 Qd4 32. Rc8 g6 33. R8c4 Qf6 34. Nc6 h5 35. b5 Rb7 36. a4 Ra8 37. h4 a6 38. bxa6 Rxa6 39. Ne5 Rba7 40. Nd7 Qe7 41. Rc8+ Kg7 42. Qb2+ e5 43. Nxe5 Nf6 44. Nc6 Rb7 45. Qc3 Qd7 46. Nb8 Qxa4 47. Nxa6 Qxa6 48. Rc6 1-0

[Event "Kingston Invitational 3rd"]
[Site "Kingston upon Thames"]
[Date "2024.08.16"]
[Round "8.16"]
[White "Lalic, Peter D"]
[Black "Rushbrooke, Remy"]
[Result "0-1"]
[WhiteElo "2181"]
[BlackElo "2056"]
[PlyCount "56"]
[EventDate "2024.08.12"]
[EventType "swiss"]
[EventRounds "9"]
[EventCountry "ENG"]
[SourceTitle "BritBase"]
[Source "John Saunders"]
[SourceDate "2024.08.18"]
[SourceVersion "1"]
[SourceVersionDate "2024.08.18"]
[SourceQuality "1"]

1. e4 g6 2. d4 Bg7 3. Nc3 d6 4. h4 h6 5. f4 h5 6. Nf3 Nf6 7. Bd3 Nc6 8. f5 gxf5 9. exf5 Bd7 10. Bg5 Ng4 11. Qe2 Nxd4 12. Nxd4 Bxd4 13. Nd5 f6 14. O-O-O c6 15. Nf4 Qb6 16. c3 Be3+ 17. Kb1 fxg5 18. Nxh5 Nf2 19. Ng7+ Kd8 20. hxg5 Nxh1 21. g6 Kc7 22. g4 Nf2 23. Re1 Nxd3 24. Qxd3 Rh2 25. b3 Bh6 26. Qg3 Qf2 27. Qxf2 Rxf2 28. Nh5 Bg5 0-1

[Event "Kingston Invitational 3rd"]
[Site "Kingston upon Thames"]
[Date "2024.08.16"]
[Round "8.17"]
[White "Skettos, Nicolas"]
[Black "Fellowes, Billy"]
[Result "0-1"]
[WhiteElo "1985"]
[BlackElo "2006"]
[PlyCount "94"]
[EventDate "2024.08.12"]
[EventType "swiss"]
[EventRounds "9"]
[EventCountry "ENG"]
[SourceTitle "BritBase"]
[Source "John Saunders"]
[SourceDate "2024.08.18"]
[SourceVersion "1"]
[SourceVersionDate "2024.08.18"]
[SourceQuality "1"]

1. e4 Nc6 2. Nf3 d6 3. d4 Nf6 4. Nc3 g6 5. Be3 Bg7 6. Qd2 O-O 7. d5 Nb8 8. Bh6 c6 9. O-O-O Bg4 10. Bxg7 Kxg7 11. Be2 Nbd7 12. Nd4 Bxe2 13. Qxe2 cxd5 14. exd5 Rc8 15. g4 Ne5 16. g5 Nh5 17. Qe4 Qa5 18. Nb3 Qc7 19. Rhe1 Rfe8 20. f4 Nc4 21. f5 a6 22. fxg6 hxg6 23. Rf1 Ne5 24. Rf2 b5 25. Rdf1 Qc4 26. Qxc4 Rxc4 27. Na5 Rh4 28. Nc6 f5 29. gxf6+ exf6 30. Nxe5 Rxe5 31. a3 f5 32. Rd1 Nf6 33. Rfd2 g5 34. Na2 Ne4 35. Rg2 a5 36. Nc3 Nxc3 37. bxc3 Kf6 38. Rd3 f4 39. h3 Kf5 40. Kd2 Rh8 41. Rg1 Rhe8 42. Rg2 Re1 43. Rd4 f3 44. Rf2 R1e2+ 45. Rxe2 Rxe2+ 46. Kd3 Re5 47. Rg4 f2 0-1

[Event "Kingston Invitational 3rd"]
[Site "Kingston upon Thames"]
[Date "2024.08.16"]
[Round "8.19"]
[White "Clarke, Connor"]
[Black "Pirgon, Joshua"]
[Result "1-0"]
[WhiteElo "2048"]
[BlackElo "1982"]
[PlyCount "71"]
[EventDate "2024.08.12"]
[EventType "swiss"]
[EventRounds "9"]
[EventCountry "ENG"]
[SourceTitle "BritBase"]
[Source "John Saunders"]
[SourceDate "2024.08.18"]
[SourceVersion "1"]
[SourceVersionDate "2024.08.18"]
[SourceQuality "1"]

1. d4 c5 2. d5 Nf6 3. Bg5 g6 4. Bxf6 exf6 5. e4 d6 6. Nc3 Bh6 7. Nf3 Qb6 8. Bd3 a6 9. Rb1 O-O 10. Nd2 Qc7 11. a4 Re8 12. O-O Bd7 13. Ra1 c4 14. Nxc4 f5 15. Re1 Bf8 16. Qf3 b6 17. a5 bxa5 18. Nxa5 Bg7 19. Nc4 Bxc3 20. bxc3 Bb5 21. Nxd6 Qxd6 22. Bxb5 fxe4 23. Rxe4 Rd8 24. Re8+ Rxe8 25. Bxe8 Ra7 26. Ba4 Re7 27. Rb1 Re5 28. g3 a5 29. Rb5 Rf5 30. Qe4 Nd7 31. Bb3 Nf6 32. Qd4 a4 33. Qxa4 Qe5 34. Qd4 Qxd4 35. cxd4 Ne4 36. f4 1-0